000 00545nam a2200205Ia 4500
003 OSt
005 20230602110029.0
008 210423s1980 xx 000 0 und d
040 _cAL
041 _aeng
082 _a330
_223
_bMALP
100 _aMALIEKAL (John)
_9118623
245 _aPost independence economic policies
260 _aBangalore
_bCentre for social action
_c1980
365 _cINR
650 _aEconomics
_9118624
650 _aEconomics
_9118624
906 _aeconomic ; independence ; policies ; Post
942 _2ddc
_cBK
999 _c174733
_d174733